000 00708nam a22002177a 4500
003 UA-OsUOA
001 77445
007 ta
008 20110913b un ||||| |||| 00| 0 ukr d
100 _aПоплевічева Н.
090 _a330
_bП57
942 _cSA
040 _aUA-OsUOA
_bukr
_cUA-OsUOA
_dUA-OsUOA
245 _aДержавні засади запобігання та протидії легалізації доходів, одержаних злочинним шляхом, через інституції фінансового ринку
300 _aС.87
955 _a0
041 _aukr
080 _a330
773 0 _w77435
650 7 _a330 Економіка взагалі
_2UDC
999 _c363749
_d363749